Regional planning and development (Record no. 4026)

MARC details
000 -LEADER
fixed length control field 00461nam a22001577a 4500
008 - FIXED-LENGTH DATA ELEMENTS--GENERAL INFORMATION
fixed length control field 250701b |||||||| |||| 00| 0 eng d
020 ## - INTERNATIONAL STANDARD BOOK NUMBER
ISBN 9789327269000
100 ## - MAIN ENTRY--AUTHOR
Author Chandna C.R.
245 ## - TITLE STATEMENT
Title Regional planning and development
250 ## - EDITION STATEMENT
Edition statement 6th
260 ## - PUBLICATION, DISTRIBUTION, ETC. (IMPRINT)
Place of publication New Delhi
Name of publisher Kalyani publishers
Date of publication 2023
300 ## - COLLATION
Pagination 398p.
Other physical details ill.
650 ## - TRACINGS
Main Subject Regional planning- developing countries
Subdivision (1st) Urbanization- developing countries
942 ## - ADDED ENTRY ELEMENTS (KOHA)
Item type Books
050 ## - LIBRARY OF CONGRESS CALL NUMBER
Classification number HT149.5
Item number .C45
Holdings
Source of classification or shelving scheme Not for loan Permanent location Current location Date acquired Accession No. Full call number Barcode. Koha item type
Library of Congress Classification   Samuel Ogbemudia Main Library, University of Abuja Samuel Ogbemudia Main Library, University of Abuja 07/01/2025 2025/65019 HT149.5.C45 2025-2744 Books